000 00422nam a2200157 a 4500
001 0617
005 20140414131917.0
008 040201s19uu xx 00 eng d
050 _aER
_bL72 1993
100 _aLarkin, Rochelle
245 _aLittle red riding hood /
_cRochelle Larkin.
260 _aNew York :
_bCreative Child Press,
_c1993.
300 _ap. ; cm.
440 _aFavorite fairy tales
999 _c111523
_d111523